1764 1388 1618 1127 1958 1611 1791 1432 1618 1402 1276 1069 1611 1327 1942 1264 1983 1502 1694 1968 1931 1117 1582 1996 1182 1818 1919 1208 1431 1611 1741 1078 1528 1323 1211 1873 1869 1862 1539 1650 1255 1179 1355 1703 1925 1158 1189 1388 1819 1938 1000 1170 1800 1319 1891 1059 1437 1319 1627 1578 1336 1216 1975 1241 1314 1822 1990 1183 1024 1127 1472 1060 1425 1701 1402 1602 1015 1262 1422 1782 1684 1050 1596 1462 1737 1536 1776 1117 1976 1251 1097 1115 1671 1103 1882 1829 1489 1237 1113 BCNSPRNW ULIB Ver.6.0+V

เปลี่ยนเป็นภาษาไทย

Change to English
 แสดงรายละเอียดบรรณานุกรม
  กลับหน้าหลัก

Brief Record : Get Marc (ISO 2709) : E-mail record : QR code < ปิดหน้าต่าง
LEADER : 00000nam 2200000uu 4500
001    13399114650
003     ULIB
008    120426s2554||||th 000 0 tha d
020    ^a9789744968326
060 04 ^aWY105^bน139ก
100 0  ^aนงนุช บุญยัง
245 10 ^aการวางแผนกลยุทธ์ทางการพยาบาล /^cนงนุช บุญยัง
260    ^aสงขลา :^bคณะพยาบาลศาสตร์ มหาวิทยาลัยสงขลานครินทร์,^c2554
300    ^aก-ฉ, 177 หน้า :^bภาพประกอบ ;^c26 ซม.
650  4 ^aการพยาบาล^xการบริหาร
650  4 ^aการพยาบาล^xการวางแผน
650  4 ^aการวางแผนเชิงกลยุทธ์
710 2  ^aมหาวิทยาลัยสงขลานครินทร์. ^bคณะพยาบาลศาสตร์
945    ^p250^l0^i031692
945    ^p250^l0^i031693
945    ^p250^l0^i031694
995    ^aทศพร
999 ^a ใช้งานได้ทุกระบบ
รายการนี้ยังไม่มีแท็ก
คุณยังไม่ได้ล็อกอิน คุณสามารถมีกิจกรรมร่วมกับเว็บไซต์ได้ แต่ต้องล็อกอินก่อน ::
  ล็อกอิน

รายการสื่อสารสนเทศ

ลำดับที่ ประเภท เลขเรียก/บาร์โค้ด สถานที่ สถานะ
1. วิทยาศาสตร์การแพทย์ และสุขภาพ
หนังสือสำรอง
สถานะ=หนังสือสำรอง
WY105 น139ก ฉ.1 
  Barcode: 031692
ห้องสมุดวิทยาเขตสวรรค์ประชารักษ์
►ส่วนจัดเก็บหนังสือเก่า สปร
บนชั้น
  ขอยืม
2. วิทยาศาสตร์การแพทย์ และสุขภาพ
วิทยาศาสตร์การแพทย์ และสุขภาพ
WY105 น139ก ฉ.2 
  Barcode: 031693
ห้องสมุดวิทยาเขตสวรรค์ประชารักษ์
►ส่วนจัดเก็บหนังสือเก่า สปร
บนชั้น
  ขอยืม
3. วิทยาศาสตร์การแพทย์ และสุขภาพ
วิทยาศาสตร์การแพทย์ และสุขภาพ
WY105 น139ก ฉ.3 
  Barcode: 031694
ห้องสมุดวิทยาเขตสวรรค์ประชารักษ์
►ส่วนจัดเก็บหนังสือเก่า สปร
บนชั้น
  ขอยืม

รายการใกล้เคียง
    ผู้แต่ง [นงนุช บุญยัง]

    หัวเรื่อง [การวางแผนเชิงกลยุทธ์]

BibComment


ยังไม่เคยถูกคอมเมนท์

คอมเมนท์ทรัพยากรรายการนี้
  คอมเมนท์: การวางแผนกลยุทธ์..


 Copyright 2026. Bcnsprnw @Library